Forecast of the 1972 Kodiak area pink salmon run /

Bibliographic Details
Main Author: Manthey, Kenneth R.
Corporate Author: Alaska. Department of Fish and Game
Format: Book
Language:English
Published: Juneau : Alaska Dept. of Fish and Game, 1972.
Series:Informational leaflet (Alaska. Department of Fish and Game) ; no. 156.
Subjects:

MARC

Tag First Indicator Second Indicator Subfields
LEADER 00000cam a2200000I 4500
001 in00001848821
005 20151026084946.0
008 741119s1972 xx 000 0 eng d
035 |a (OCoLC)ocm01079768 
040 |a UDI  |c UDI  |d OCL  |d OCLCQ  |d TXA  |d UtOrBLW 
049 |a TXAM 
090 |a SH11  |b .A724 no.156 
100 1 |a Manthey, Kenneth R. 
245 1 0 |a Forecast of the 1972 Kodiak area pink salmon run /  |c by Kenneth R. Manthey. 
264 1 |a Juneau :  |b Alaska Dept. of Fish and Game,  |c 1972. 
300 |a 25 pages :  |b illustrations, map. ;  |c 28 cm. 
336 |a text  |b txt  |2 rdacontent 
337 |a unmediated  |b n  |2 rdamedia 
338 |a volume  |b nc  |2 rdacarrier 
490 1 |a Information leaflet 156 
500 |a Cover title. 
500 |a "March 17, 1972." 
504 |a Bibliography: page 16. 
650 0 |a Pink salmon. 
710 1 |a Alaska.  |b Department of Fish and Game. 
830 0 |a Informational leaflet (Alaska. Department of Fish and Game) ;  |v no. 156. 
948 |a cataloged  |b h  |c 2004/8/12  |d c  |e jgreene  |f 6:08:23 pm 
994 |a E0  |b TXA 
999 |a MARS 
999 f f |s c7eb0b6f-502e-3bc9-944e-334c6d169296  |i 30f28752-ba6d-3ad7-ae11-fce79d1b4cbc  |t 0 
952 f f |p ric  |a Texas A&M University  |b Rellis Campus  |c Joint Library Facility  |d Remote Storage  |t 0  |e SH11 .A724 no.156  |h Library of Congress classification  |i unmediated -- volume  |m A14831288395 
998 f f |a SH11 .A724 no.156  |t 0  |l Remote Storage